000
00256nam a22000977a 4500
008
230704b xxu||||| |||| 00| 0 eng d
082
_a
364.1
_b
ACP
245
_a
Annual Survey on perception of corruption in Kenya (Year 2002)
300
_a
59p
942
_2
ddc
_c
BK
999
_c
3887
_d
3887